<?xml version='1.0' encoding='UTF-8'?>
  <record xmlns="http://www.loc.gov/MARC21/slim">
    <leader>00000cam a2200000Mi 4500</leader>
    <controlfield tag="001">ocm65878003</controlfield>
    <controlfield tag="003">OCoLC</controlfield>
    <controlfield tag="005">20231213210205.5</controlfield>
    <controlfield tag="008">920516s1618    ne a          000 0 dut d</controlfield>
    <datafield tag="040" ind1=" " ind2=" ">
      <subfield code="a">NLGGC</subfield>
      <subfield code="b">dut</subfield>
      <subfield code="e">fobidrtb</subfield>
      <subfield code="c">NLGGC</subfield>
      <subfield code="d">L2U</subfield>
      <subfield code="d">OCLCQ</subfield>
      <subfield code="d">OCLCO</subfield>
      <subfield code="d">OCLCL</subfield>
    </datafield>
    <datafield tag="066" ind1=" " ind2=" ">
      <subfield code="c">(S</subfield>
    </datafield>
    <datafield tag="029" ind1="0" ind2=" ">
      <subfield code="a">NLGGC</subfield>
      <subfield code="b">094061165</subfield>
    </datafield>
    <datafield tag="035" ind1=" " ind2=" ">
      <subfield code="a">(OCoLC)65878003</subfield>
    </datafield>
    <datafield tag="045" ind1=" " ind2=" ">
      <subfield code="a">u-u-</subfield>
    </datafield>
    <datafield tag="084" ind1=" " ind2=" ">
      <subfield code="a">18.11</subfield>
      <subfield code="2">bcl</subfield>
    </datafield>
    <datafield tag="100" ind1="1" ind2=" ">
      <subfield code="a">Rodenburg, Theodoor,</subfield>
      <subfield code="d">1574-1644.</subfield>
      <subfield code="1">https://id.oclc.org/worldcat/entity/E39PBJkxGbt4hWr64bwY7Rptrq</subfield>
    </datafield>
    <datafield tag="245" ind1="1" ind2="0">
      <subfield code="a">Treur-bly-eynde-spel van Alexander. :</subfield>
      <subfield code="b">in vier en veertigh uuren gerymt. : op de reghel: onghezien, ken gheschien.</subfield>
    </datafield>
    <datafield tag="260" ind1=" " ind2=" ">
      <subfield code="a">T'Amsterdam :</subfield>
      <subfield code="b">Voor Jan Evertsz. Cloppenburch,</subfield>
      <subfield code="c">1618.</subfield>
    </datafield>
    <datafield tag="300" ind1=" " ind2=" ">
      <subfield code="a">[8], 77, [1] p. :</subfield>
      <subfield code="b">illustrations ;</subfield>
      <subfield code="c">in-4</subfield>
    </datafield>
    <datafield tag="336" ind1=" " ind2=" ">
      <subfield code="a">tekst</subfield>
      <subfield code="b">txt</subfield>
      <subfield code="2">rdacontent/dut</subfield>
    </datafield>
    <datafield tag="337" ind1=" " ind2=" ">
      <subfield code="a">zonder medium</subfield>
      <subfield code="b">n</subfield>
      <subfield code="2">rdamedia/dut</subfield>
    </datafield>
    <datafield tag="338" ind1=" " ind2=" ">
      <subfield code="a">band</subfield>
      <subfield code="b">nc</subfield>
      <subfield code="2">rdacarrier/dut</subfield>
    </datafield>
    <datafield tag="500" ind1=" " ind2=" ">
      <subfield code="6">880-01</subfield>
      <subfield code="a">[Pi] 4 A-K 4 (K4 blanco).</subfield>
    </datafield>
    <datafield tag="500" ind1=" " ind2=" ">
      <subfield code="a">Auteur is: Theodore Rodenburgh.</subfield>
    </datafield>
    <datafield tag="500" ind1=" " ind2=" ">
      <subfield code="a">Colofon: t'Amsterdam, ghedr. by Paulus van Ravesteyn.</subfield>
    </datafield>
    <datafield tag="500" ind1=" " ind2=" ">
      <subfield code="a">Met titelvignet en ills. Ontleend aan het volksboek: Van die seven wise mannen van Romen.</subfield>
    </datafield>
    <datafield tag="530" ind1=" " ind2=" ">
      <subfield code="a">Titel is geselecteerd voor digitalisering voor de Universiteit van Amsterdam in het kader van het Google Books-project.</subfield>
    </datafield>
    <datafield tag="650" ind1=" " ind2="4">
      <subfield code="a">18.11 Dutch literature.</subfield>
    </datafield>
    <datafield tag="648" ind1=" " ind2="4">
      <subfield code="a">1600-1699.</subfield>
    </datafield>
    <datafield tag="650" ind1=" " ind2="7">
      <subfield code="a">18.11 Dutch literature.</subfield>
      <subfield code="0">(NL-LeOCL)077612027</subfield>
      <subfield code="2">bcl</subfield>
    </datafield>
    <datafield tag="655" ind1=" " ind2="7">
      <subfield code="a">Toneelstukken (teksten)</subfield>
      <subfield code="2">gtt</subfield>
      <subfield code="0">(NL-LeOCL)112192629</subfield>
    </datafield>
    <datafield tag="710" ind1="0" ind2=" ">
      <subfield code="a">Cloppenburgh, Jan Evertsz (I, Amsterdam)</subfield>
      <subfield code="4">prt</subfield>
      <subfield code="0">(NL-LeOCL)077162226</subfield>
    </datafield>
    <datafield tag="710" ind1="0" ind2=" ">
      <subfield code="a">Ravesteyn, Paulus Aertsz van (Amsterdam)</subfield>
      <subfield code="4">prt</subfield>
      <subfield code="0">(NL-LeOCL)077132335</subfield>
    </datafield>
    <datafield tag="776" ind1="0" ind2=" ">
      <subfield code="t">Treur-bly-eynde-spel van Alexander.</subfield>
      <subfield code="w">(NL-LeOCL)401782875</subfield>
    </datafield>
    <datafield tag="880" ind1=" " ind2=" ">
      <subfield code="6">500-01/(S</subfield>
      <subfield code="a">π 4 A-K 4 (K4 blanco).</subfield>
    </datafield>
  </record>